000 01184cam a2200217 4500
001 J128982
008 050307n1955 000 0 eng u
035 _a(Sirsi) u128982
041 _aeng
050 _a720
_c18
100 _aDarlington, Ida
245 _aSurvey of London volume 25
_bSt George's Fields
_cthe parishes of St George the Martyr, Southwark and St Mary Newington
260 _aLondon
_bLondon County Council
_c1955
300 _axv, 150p.
_bill.
_c30cm.
490 _aSurvey of London Main Series
_v25
520 _aThis volume of the "Survey of London", English Heritage's detailed architectural and topographical study, describes buildings south of Bankside around Elephant and Castle (including many which have been demolished or rebuilt), explaining how they came into being and outlining their significance and historical associations. This earlier volume is highly selective and includes few buildings erected after 1800. Includes photographs and maps together with plans, sections and elevations of selected buildings.
590 _aSOL
690 _aBUILT ENVIRONMENT-CONSTRUCTION DESIGN
700 _aRoberts, Howard
_cSir
_xGeneral Editor
942 _n0
999 _c104067
_d104067